000 00500cam a22002054a 4500
005 20250605164325.0
008 250528s ||||||||||||||||||||||||d
035 _a22989
020 _a9781412916790
040 _aGR-AtMCL
_bgre
_dGR-AtMCL
_eAACR2
245 1 _aSURVIVING YOUR DISSERTATION
250 _a3
260 _bSage Publications,
_c2007
300 _a315
700 1 _aNewton Rae R
_98582
700 1 _aRudestam Kjell Erik
_98583
942 _cBK
999 _c8030
_d8030